000 00744nam0a2200241 4500
001 RU\NLR\BIBL_A\012515182
005 20250624054421.0
010 _92000
035 _a(NLR Aleph) 012515182
090 _a13303836
_c13303836
100 _a20210511d1962 |||y0rusy50 ca
101 1 _akir
_brus
_cmol
102 _aKG
105 _ay z 000ay
200 1 _aМолдаван аӊгемелери
_e[аңгемелер жыйнагы
_fкотор. С. Ерматов]
210 _aФрунзе
_cКыргызмамбас
_d1962
215 _a210,[2] c.
_d20
541 1 _aМолдавские рассказы
_zrus
686 1 _aШ6(2=Ки)-91(Молд.)-4
852 _aNLR
_bОНЛ
_jКирг./2-3504
942 _cBOOK
980 _aNB